000 00805nam a2200253 i 4500
001 bg
100 1 _aLIBERA, Tadeusz
245 1 0 _aPracownik w zakładzie pracy od przyjęcia do zwolnienia /
_cTadeusz Libera, Ewa Zduńska.
250 _aWyd. 5 zaktualiz. i rozsz., stan prawny na dzień 31 lipca 2001 r.
260 _aWarszawa :
_b"Difin",
_c2001.
300 _a362 s. ;
_c21 cm.
490 1 _aVademecum Pracodawcy i Pracownika
650 9 _aPrawo pracy
_zPolska
_ystan na 2001 r.
700 1 _aZDUŃSKA, Ewa
830 _aVademecum Pracodawcy i Pracownika
020 _a837251178X
040 _cBPK
041 0 _apl
080 _a349.2(438)
920 _a83-7251-178-X
942 _cKS
008 s pl f |000 0 pol
999 _c40100
_d40100
856 _uhttp://koha.tu.koszalin.pl/cgi-bin/koha/opac-detail.pl?biblionumber=40100
_yKatalog online BPK